Normal view
MARC view
- De Nevers, Noel,
Entry Personal Name
001 - CONTROL NUMBER
- control field: 6923
003 - CONTROL NUMBER IDENTIFIER
- control field: NUST
005 - DATE AND TIME OF LATEST TRANSACTION
- control field: 20171204111922.0
008 - FIXED-LENGTH DATA ELEMENTS
- fixed length control field: 171204|| aca||aabn | a|a d
040 ## - CATALOGING SOURCE
- Original cataloging agency: NUST
- Transcribing agency: NUST
100 ## - HEADING--PERSONAL NAME
- Personal name: De Nevers, Noel,
- Dates associated with a name: 1932-
670 ## - SOURCE DATA FOUND
- Source citation: Work cat.: (NUST)0: De Nevers, Noel, 1932-, Air pollution control engineering /, c1995.
